000 00500nam a22001817a 4500
003 CEME
005 20210628205449.0
008 210304b xxu||||| |||| 00| 0 eng d
020 _a1-886801-23-1
040 _c.
082 _a510 LAT'H
100 _aLatorre, Donald R Proctor, T. Gkreider, Donald L
_975682
245 _aHp-48g-gx investigations in mathematics
260 _aUSA
_bCHARLES RIVER MEDIA
_c1996
300 _a636P
650 _aMATHEMATICS,INVESTIGATIONS
_975683
942 _cBK
_2ddc
999 _c581073
_d581073